| 000 | 00767nam a22002537a 4500 | ||
|---|---|---|---|
| 001 | 24673 | ||
| 003 | UA-OsUOA | ||
| 005 | 20210726101641.0 | ||
| 007 | ta | ||
| 008 | 20040226b un ||||| |||| 00| 0 ukr d | ||
| 020 | _a5244009362 | ||
| 040 |
_aUA-OsUOA _brus _cUA-OsUOA _dUA-OsUOA |
||
| 041 | _arus | ||
| 044 | _aRU | ||
| 080 | _a340.12(091) | ||
| 090 |
_a340.12(091) _bА72 |
||
| 245 |
_aАнтология мировой правовой мысли _bв пяти томах _cрук. работы Г. Ю. Семигин |
||
| 260 |
_aМосква _bМысль _c1999 |
||
| 300 | _a750 с. | ||
| 505 |
_gТ. 1 _tАнтичность. Восточные цивилизации |
||
| 650 | 7 |
_2UDC _a340 Право загалом |
|
| 942 |
_cBK _2udc |
||
| 955 | _a2 | ||
| 999 |
_c310953 _d310953 |
||